000 00609nam a2200205Ia 4500
001 9307
003 GE_BSU
008 181216s||||||||xx |||||||||||||| ||und||
040 _cGE_BSU
080 _a821.353.1–32
100 _aლომოური,ნიკო
245 _aმოთხრობები.
245 _cრედ.დ.მაისურაძე, მხატვ.ირ.რაზმაძე
260 _aთბილისი
260 _bსაბლიტგამი
260 _c1949
300 _a82გვ.20სმ.
653 _aმოთხრობები.
942 _cBK
999 _c42604
_d42604